00627 2200241 4500001002100000005001500021035002000036245007600056100001800132250000600150300003500156700001200191260003300203082001000236084001600246020002200262650001600284990001700300990001700317990001700334990001700351990001700368INLIS00000000000114920190504012726 a0010-05190000401 aMengenal Cuaca dan Iklim di Indonesia /cIswanto, S.Si; Editor, Giyarto0 aIswanto, S.Si a- aiv, 64 hlm. :bilus. ;c25 cm.0 aGiyarto aBandung :bPakar Raya,c2007 a551.6 a551.6 ISW m a978-979-534-429-2 aKlimatologi a04122/H/2018 a04123/H/2018 a04124/H/2018 a04125/H/2018 a04126/H/2018